[Event "East Lansing (Beg/3/3)"]
[Site "?"]
[Date "1995.??.??"]
[Round "?"]
[White "Assem, N."]
[Black "Charette, B."]
[Result "1-0"]
[WhiteElo "1605"]
[BlackElo "1605"]
[PlyCount "115"]
[EventDate "1995.??.??"]

{3/(3)} 1. e4 Nc6 2. f4 d5 3. e5 e6 4. Nf3 f6 5. d4 fxe5 6. fxe5 Nb8 7. Be2 Nd7
8. O-O c5 9. Ng5 cxd4 10. Nf7 Qb6 11. Kh1 Nxe5 12. Nxe5 Nf6 13. Bh5+ g6 14.
Nxg6 hxg6 15. Bxg6+ Ke7 16. Bg5 Bg7 17. Qf3 e5 18. Qxd5 Qe6 19. Qc5+ Qd6 20.
Bxf6+ Bxf6 21. Qxd6+ Kxd6 22. Rxf6+ Ke7 23. Rf2 Be6 24. Nd2 Rh6 25. Be4 Rah8
26. g3 b6 27. Re1 a5 28. Kg1 b5 29. Bd3 Bd7 30. Rxe5+ Kd6 31. Re4 Kd5 32. Nb3
Re8 33. Rxe8 Bxe8 34. Rf5+ Ke6 35. Nxd4+ Kd6 36. Rxb5 Bxb5 37. Nf5+ Kd5 38.
Nxh6 Bxd3 39. cxd3 Kd4 40. Kf2 Kxd3 41. Nf5 Kc2 42. Ne3+ Kb1 43. a4 Ka2 44. Nc4
Kb3 45. Nxa5+ Kxa4 46. h4 Kxa5 47. h5 Kb4 48. h6 Kb3 49. h7 Kxb2 50. h8=Q+ Kc2
51. Qd4 Kc1 52. Ke2 Kc2 53. Qd3+ Kc1 54. Qc3+ Kb1 55. Kd3 Ka2 56. Qb4 Ka1 57.
Kc3 Ka2 58. Qb2# 1-0

[Event "Eastpointe (MCO/6/16)"]
[Site "?"]
[Date "1995.??.??"]
[Round "?"]
[White "Ashton, Jeff"]
[Black "al-Shareef, Robert"]
[Result "0-1"]
[WhiteElo "1805"]
[BlackElo "1685"]
[PlyCount "58"]
[EventDate "1995.??.??"]

{6/(16)} 1. d4 d5 2. c4 c6 3. Nc3 Nf6 4. Nf3 dxc4 5. a4 Bf5 6. Ne5 e6 7. f3 Bb4
8. Nxc4 c5 9. dxc5 Qxd1+ 10. Kxd1 Nc6 11. e4 Bg6 12. Nd6+ Ke7 13. Nxb7 Rab8 14.
Nd6 Bxc5 15. Nc4 Rhd8+ 16. Kc2 Nd4+ 17. Kb1 Nb3 18. Ra2 Nd5 19. Nxd5+ Rxd5 20.
Bf4 Rbd8 21. Be2 Bb4 22. Ne5 Rc5 23. Nd3 Rc4 24. Nxb4 Rxb4 25. Rd1 Rxe4 26.
fxe4 Bxe4+ 27. Bd3 Rxd3 28. Kc2 Rf3+ 29. Rd3 Rxd3 0-1

[Event "East Lansing (MOR/1a/17)"]
[Site "?"]
[Date "1995.??.??"]
[Round "?"]
[White "Ashton, Jeff"]
[Black "Woods, O."]
[Result "1-0"]
[WhiteElo "1625"]
[BlackElo "1605"]
[PlyCount "57"]
[EventDate "1995.??.??"]

1. d4 e6 2. c4 c6 3. Nc3 d5 4. e4 Nf6 5. e5 Nfd7 6. cxd5 cxd5 7. Bd3 f6 8. Qh5+
g6 9. Bxg6+ Ke7 10. exf6+ Nxf6 11. Bg5 Bg7 12. Bxf6+ Bxf6 13. Bd3 Bxd4 14. Nf3
Bxc3+ 15. bxc3 Nd7 16. Qh4+ Nf6 17. O-O a6 18. Rfe1 Qc7 19. c4 Qd6 20. cxd5
Qxd5 21. Bc4 Qc6 22. Bxe6 Bxe6 23. Nd4 Qd5 24. Rxe6+ Kd7 25. Qxf6 Rhg8 26. Qf7+
Kc8 27. Qxg8+ Kd7 28. Qf7+ Kd8 29. Re8# 1-0

[Event "East Lansing (Class C/1/4)"]
[Site "?"]
[Date "1995.??.??"]
[Round "?"]
[White "Ashton, Jeff"]
[Black "Vorhauer, Sam"]
[Result "1-0"]
[WhiteElo "1605"]
[BlackElo "1605"]
[PlyCount "93"]
[EventDate "1995.??.??"]

{1/(4)} 1. d4 d5 2. c4 e6 3. Nc3 Nf6 4. Bg5 c6 5. cxd5 exd5 6. e3 Be7 7. Bd3 h6
8. Bxf6 Bxf6 9. Nge2 Be6 10. Qc2 Be7 11. Nf4 Qd7 12. Nxe6 Qxe6 13. Bf5 Qd6 14.
Rc1 a6 15. Qb3 Qb4 16. Qxb4 Bxb4 17. Ke2 Bxc3 18. Rxc3 g6 19. Bd3 Nd7 20. b4
O-O 21. a4 Rfc8 22. Rhc1 Nb6 23. Bc2 Nc4 24. Bb3 b5 25. a5 Rab8 26. e4 Re8 27.
e5 Re6 28. f4 f5 29. h3 Kh7 30. g4 Rg8 31. Rg3 Ree8 32. gxf5 gxf5 33. Rcg1 Rxg3
34. Rxg3 Nd6 35. Rc3 Nc4 36. Bc2 Rf8 37. Rg3 Rf7 38. h4 Rf8 39. h5 Rf7 40. Rg6
c5 41. dxc5 Na3 42. e6 Re7 43. Bxf5 Nc4 44. Bh3 Rc7 45. f5 Ne5 46. Rg1 Nc4 47.
f6 1-0

[Event "East Lansing (MOR/5/4)"]
[Site "?"]
[Date "1995.??.??"]
[Round "?"]
[White "Ashton, Jeff"]
[Black "Rosenberg, Steve"]
[Result "1/2-1/2"]
[WhiteElo "1625"]
[BlackElo "1705"]
[PlyCount "101"]
[EventDate "1995.??.??"]

{5/(4)} 1. d4 Nf6 2. Nf3 g6 3. c4 Bg7 4. Nc3 d6 5. Bg5 c6 6. e4 Bg4 7. Be2 Nbd7
8. Qd2 h6 9. Be3 e5 10. d5 c5 11. O-O Bh5 12. h3 g5 13. Ne1 Bg6 14. f3 Nh5 15.
Nd3 Ng3 16. Rfd1 f5 17. Bf2 f4 18. Bxg3 fxg3 19. Qe1 Nf6 20. Qxg3 Qd7 21. a3
Nh5 22. Qe1 Nf4 23. b4 b6 24. bxc5 bxc5 25. Rab1 O-O 26. Rb3 Rab8 27. Rdb1 Rxb3
28. Rxb3 a6 29. Qb1 Rf7 30. Rb6 h5 31. Rxa6 Nxe2+ 32. Nxe2 g4 33. hxg4 hxg4 34.
Qb8+ Rf8 35. Qxd6 Qxd6 36. Rxd6 gxf3 37. gxf3 Bh5 38. Nxc5 Rxf3 39. Ne6 Bh6 40.
c5 Be3+ 41. Kg2 Rf2+ 42. Kg3 Rxe2 43. c6 Bf2+ 44. Kh3 Bb6 45. c7 Bxc7 46. Nxc7
Rxe4 47. Rd8+ Kf7 48. Rd7+ Kf6 49. Kg2 Re2+ 50. Kf1 Ra2 51. Rd6+ 1/2-1/2

[Event "Eastpointe (MCO/4/22)"]
[Site "?"]
[Date "1995.??.??"]
[Round "?"]
[White "Ashton, Jeff"]
[Black "McNeil, Yaking"]
[Result "1/2-1/2"]
[WhiteElo "1805"]
[BlackElo "1605"]
[PlyCount "109"]
[EventDate "1995.??.??"]

{4/(22)} 1. d4 c5 2. d5 Nf6 3. c4 e5 4. Nc3 d6 5. e4 Be7 6. h3 Nbd7 7. Bd3 Nf8
8. Nge2 Ng6 9. Be3 Nh4 10. O-O Qd7 11. Qa4 a6 12. Qxd7+ Bxd7 13. a3 O-O 14. b4
b6 15. bxc5 bxc5 16. Rab1 Rab8 17. f3 h6 18. Bc2 Nh7 19. Ba4 Bxa4 20. Nxa4 f5
21. Rxb8 Rxb8 22. g3 Rb3 23. Nac3 f4 24. gxf4 exf4 25. Bxf4 Ng6 26. Rb1 Rxa3
27. Bc1 Ra5 28. Bb2 Ne5 29. Nc1 Nxf3+ 30. Kf2 Nd2 31. Ra1 Rxa1 32. Bxa1 Nxc4
33. Ke2 Ng5 34. h4 Nf7 35. h5 Ng5 36. Kd3 Ne5+ 37. Ke3 Bf6 38. Kf4 Kf7 39. Na4
g6 40. Nxc5 dxc5 41. Bxe5 Nh3+ 42. Kg4 gxh5+ 43. Kxh3 Bxe5 44. Kh4 a5 45. Kxh5
a4 46. Na2 c4 47. Kxh6 c3 48. Nb4 Bd6 49. Nc2 a3 50. Kg5 a2 51. Kg4 Kf6 52. Kf3
Ba3 53. Ke3 Ke5 54. Kd3 Bb2 55. Kc4 1/2-1/2

[Event "East Lansing (MOR/3/5)"]
[Site "?"]
[Date "1995.??.??"]
[Round "?"]
[White "Ashton, Jeff"]
[Black "McGrath, Michael"]
[Result "1/2-1/2"]
[WhiteElo "1625"]
[BlackElo "1730"]
[PlyCount "102"]
[EventDate "1995.??.??"]

{3/(5)} 1. d4 d5 2. c4 Nf6 3. cxd5 Qxd5 4. Nc3 Qd8 5. e4 e6 6. Nf3 Bb4 7. e5
Ne4 8. Qc2 Nxc3 9. bxc3 Be7 10. Bd3 h6 11. Be3 O-O 12. Nd2 Nd7 13. f4 Nb6 14.
Nf3 Bd7 15. g4 Nd5 16. Bf2 Nxf4 17. Be4 Rb8 18. h4 Bb5 19. Bg3 Nd5 20. c4 Nb4
21. Qe2 Bc6 22. a3 Bxe4 23. Qxe4 Nc6 24. d5 exd5 25. cxd5 Na5 26. Nd4 Bc5 27.
Nf5 Re8 28. e6 c6 29. Rf1 cxd5 30. exf7+ Kh8 31. fxe8=Q+ Qxe8 32. Qxe8+ Rxe8+
33. Kd1 Nc4 34. Re1 Rd8 35. Be5 Rd7 36. Bxg7+ Rxg7 37. Nxg7 Kxg7 38. Ke2 Nxa3
39. Rec1 Nc4 40. Rcb1 Bb6 41. Rb5 d4 42. Kd3 Ne3 43. Rg1 Kf6 44. g5+ hxg5 45.
Rgxg5 Nd1 46. h5 Nf2+ 47. Ke2 d3+ 48. Kf1 d2 49. Rg6+ Kf7 50. Rf5+ Ke7 51. Re5+
Kf7 1/2-1/2

[Event "Ann Arbor (MLS Jul/1/3)"]
[Site "?"]
[Date "1995.??.??"]
[Round "?"]
[White "Ashton, Jeff"]
[Black "Kung, Fred"]
[Result "0-1"]
[WhiteElo "1610"]
[BlackElo "1875"]
[PlyCount "84"]
[EventDate "1995.??.??"]

{1/(3)} 1. d4 d5 2. c4 e6 3. Nc3 c5 4. cxd5 exd5 5. e4 dxe4 6. d5 Nf6 7. Bf4
Bd6 8. Bxd6 Qxd6 9. Nb5 Qe5 10. d6 Na6 11. Qd2 Bd7 12. O-O-O O-O 13. f3 c4 14.
Nc3 e3 15. Qd4 Qxd4 16. Rxd4 b5 17. a4 Nc5 18. Kc2 Bf5+ 19. Kd1 Nd3 20. Bxd3
cxd3 21. g4 Bg6 22. h4 h5 23. g5 Nd7 24. Nxb5 Rab8 25. b4 Rfc8 26. Nc7 Rb7 27.
Rh2 e2+ 28. Nxe2 dxe2+ 29. Rxe2 Rd8 30. f4 Bf5 31. b5 Bg4 32. f5 Rb6 33. Rxg4
hxg4 34. g6 f6 35. Re7 Rxd6+ 36. Ke1 Ne5 37. Ne6 R6d7 38. Rxg7+ Rxg7 39. Nxd8
Rd7 40. Ne6 Rd3 41. h5 Rh3 42. Nf4 Rf3 0-1

[Event "Ann Arbor (MLS Jul/4/7)"]
[Site "?"]
[Date "1995.??.??"]
[Round "?"]
[White "Ashton, Jeff"]
[Black "Johnson, C(MI)."]
[Result "1-0"]
[WhiteElo "1610"]
[BlackElo "1605"]
[PlyCount "77"]
[EventDate "1995.??.??"]

{4/(7)} 1. d4 Nf6 2. c4 d6 3. Nc3 Bf5 4. Nf3 Nc6 5. Bg5 e6 6. e3 Be7 7. a3 Bg4
8. Qc2 O-O 9. Bd3 Na5 10. Bxf6 Bxf6 11. Bxh7+ Kh8 12. Bd3 Qd7 13. h3 Bf5 14. g4
Bxd3 15. Qxd3 Qc6 16. d5 exd5 17. cxd5 Qa6 18. Qxa6 bxa6 19. g5 Be7 20. b4 Nc4
21. Nd2 Nb2 22. f4 Nd3+ 23. Ke2 Nxf4+ 24. exf4 Rae8 25. Kf3 f6 26. g6 f5 27. h4
Bf6 28. Rac1 Bd4 29. Ne2 Re3+ 30. Kf2 Re4+ 31. Nxd4 Rxd4 32. Nf3 Rxf4 33. Rxc7
Re8 34. Re1 Rf8 35. Ree7 Rg8 36. Ke3 Rg4 37. Ng5 f4+ 38. Kf3 Rxh4 39. Nf7# 1-0

[Event "East Lansing (Class C/3/5)"]
[Site "?"]
[Date "1995.??.??"]
[Round "?"]
[White "Ashton, Jeff"]
[Black "Iyer, Krishnan"]
[Result "1-0"]
[WhiteElo "1605"]
[BlackElo "1605"]
[PlyCount "77"]
[EventDate "1995.??.??"]

{3/(5)} 1. d4 d5 2. c4 c6 3. Nf3 Nf6 4. Nc3 Bg4 5. cxd5 cxd5 6. Qb3 b6 7. Ne5
Bd7 8. Nxd5 e6 9. Nxf6+ gxf6 10. Qf3 Na6 11. Nxd7 Kxd7 12. Qb7+ Nc7 13. e4 Bb4+
14. Bd2 Bxd2+ 15. Kxd2 Ke7 16. Ke3 Qd7 17. Bc4 Rhb8 18. Bb5 Rxb7 19. Bxd7 Kxd7
20. Rac1 f5 21. exf5 Nd5+ 22. Ke4 Kd6 23. fxe6 fxe6 24. Rc4 Rc7 25. Rxc7 Nxc7
26. Rc1 Rg8 27. g3 Rg4+ 28. f4 Rg8 29. Rc3 Nd5 30. Ra3 a5 31. Rf3 h5 32. f5 Rf8
33. fxe6 Rxf3 34. Kxf3 Kxe6 35. Ke4 Ne7 36. Kf4 Kf6 37. h3 Nc6 38. Ke4 Ke7 39.
d5 1-0

[Event "Eastpointe (MCO/2/5)"]
[Site "?"]
[Date "1995.??.??"]
[Round "?"]
[White "Ashton, Jeff"]
[Black "Drkulec, Vladimir"]
[Result "0-1"]
[WhiteElo "1805"]
[BlackElo "2140"]
[PlyCount "88"]
[EventDate "1995.??.??"]

{2/(5)} 1. d4 Nf6 2. c4 c5 3. d5 b5 4. cxb5 a6 5. Nc3 axb5 6. e4 b4 7. Nb5 d6
8. Bf4 g5 9. Bxg5 Nxe4 10. Bf4 Bg7 11. Qe2 Nf6 12. Nxd6+ Kf8 13. Nxc8 Qxc8 14.
d6 e6 15. Qd2 h6 16. Nf3 Nbd7 17. Bc4 Nb6 18. Bb3 Qa6 19. Bd1 Nc4 20. Qc2 Nd5
21. Be2 Nxf4 22. Bxc4 Qxd6 23. O-O Qc6 24. Rfe1 Rg8 25. Bf1 Bxb2 26. Qxb2 Nh3+
27. Kh1 Qxf3 28. Re2 Qc6 29. Qf6 Rg6 30. Qh4 Ng5 31. Re3 Kg7 32. Bd3 f5 33. f4
Nf7 34. Rg3 Qd5 35. Rxg6+ Kxg6 36. Qg4+ Kf6 37. Qe2 Nd6 38. Qb2+ Kf7 39. Be2
Qd4 40. Qxd4 cxd4 41. Rd1 Rxa2 42. Bh5+ Ke7 43. Rxd4 b3 44. Bd1 b2 0-1

[Event "Troy (TCC Res/1/11)"]
[Site "?"]
[Date "1995.??.??"]
[Round "?"]
[White "Ashton, Jeff"]
[Black "Biondo, Albert"]
[Result "1-0"]
[WhiteElo "1615"]
[BlackElo "1605"]
[PlyCount "61"]
[EventDate "1995.??.??"]

{1/(11)} 1. d4 c5 2. d5 d6 3. e4 f5 4. Nc3 Nf6 5. Bb5+ Bd7 6. exf5 a6 7. Bxd7+
Qxd7 8. g4 b5 9. g5 Qxf5 10. gxf6 Qxf6 11. Qe2 Nd7 12. Ne4 Qe5 13. Nc3 Qf5 14.
Qe4 Qh5 15. Bf4 Nf6 16. Qe6 Rd8 17. Ne4 Qxd5 18. Nxf6+ gxf6 19. Qxd5 Bg7 20.
O-O-O a5 21. Re1 e5 22. Qe6+ Kf8 23. Nf3 Re8 24. Qxd6+ Re7 25. Rxe5 fxe5 26.
Bg5 Kf7 27. Qxe7+ Kg6 28. Nh4+ Kh5 29. h3 Bh6 30. Bxh6 Kxh6 31. Rg1 1-0

[Event "East Lansing (Class C/5/3)"]
[Site "?"]
[Date "1995.??.??"]
[Round "?"]
[White "Ashton, Jeff"]
[Black "Belill, Matt"]
[Result "1-0"]
[WhiteElo "1605"]
[BlackElo "1605"]
[PlyCount "52"]
[EventDate "1995.??.??"]

{5/(3)} 1. d4 d5 2. c4 Nf6 3. cxd5 Qxd5 4. Nc3 Qd8 5. e4 e6 6. Bg5 Be7 7. Nf3
h6 8. Bh4 O-O 9. Bd3 Nfd7 10. Bxe7 Qxe7 11. e5 a6 12. O-O b5 13. Be4 Ra7 14.
Nd2 Bb7 15. Bxb7 Rxb7 16. f4 f6 17. Qf3 Ra7 18. Qe2 f5 19. d5 Re8 20. dxe6 Qxe6
21. Qf2 Rb7 22. Nb3 b4 23. Ne2 c5 24. Rad1 Rc7 25. Rd6 Qe7 26. Rfd1 Rc6 {
[Remainder illegible; 1-0, 47?]} 1-0

[Event "Troy (TCC Res/3/6)"]
[Site "?"]
[Date "1995.??.??"]
[Round "?"]
[White "Ashton, Jeff"]
[Black "Bedy, N."]
[Result "1/2-1/2"]
[WhiteElo "1615"]
[BlackElo "1605"]
[PlyCount "79"]
[EventDate "1995.??.??"]

{3/(6)} 1. d4 d5 2. c4 Nc6 3. Nc3 dxc4 4. Nf3 Nf6 5. e4 Bg4 6. Bxc4 Bxf3 7.
gxf3 Nxd4 8. Be3 Nc6 9. Qb3 e6 10. Qxb7 Na5 11. Bb5+ c6 12. Bxc6+ Nxc6 13.
Qxc6+ Nd7 14. Nb5 Rc8 15. Nd6+ Bxd6 16. Qxd6 Qc7 17. Qxc7 Rxc7 18. Bd4 O-O 19.
Rg1 f6 20. Bc3 e5 21. Rd1 Nc5 22. Rd5 Ne6 23. Rd6 Nd4 24. Rg3 Nb5 25. Rd3 Rfc8
26. Kd2 Kf7 27. a4 Nxc3 28. bxc3 g5 29. Kc2 Rb8 30. Rg1 Rcb7 31. Kd2 Ke7 32.
Rd1 Rb2+ 33. Ke3 R8b7 34. R3d2 R2b3 35. Rd3 Rc7 36. c4 Rb4 37. c5 Rc4 38. Rd5
R4xc5 39. Rxc5 Rxc5 40. Rb1 1/2-1/2

[Event "Lansing (Mini-Swiss.2/2)"]
[Site "?"]
[Date "1995.??.??"]
[Round "?"]
[White "Asbury, Victor"]
[Black "Sundeen, David"]
[Result "1-0"]
[WhiteElo "1605"]
[BlackElo "1710"]
[PlyCount "85"]
[EventDate "1995.??.??"]

{2/(2)} 1. c4 Nf6 2. g3 g6 3. Bg2 Bg7 4. Nf3 O-O 5. O-O Nc6 6. Nc3 d6 7. d4 Re8
8. a3 e5 9. d5 Ne7 10. e4 Bd7 11. Be3 Ng4 12. Bd2 Qc8 13. h3 Nf6 14. Kh2 a6 15.
Qc1 b5 16. b3 Rf8 17. Be3 Nh5 18. g4 Nf6 19. c5 h5 20. gxh5 Nxh5 21. c6 Be8 22.
Ng5 Nf6 23. Ne2 Bh6 24. b4 a5 25. bxa5 Rxa5 26. Qd2 Qa6 27. Nc3 b4 28. Nb1 bxa3
29. Rc1 Qa8 30. Ra2 Nc8 31. Rc3 Nh7 32. h4 Nxg5 33. hxg5 Bg7 34. Rcxa3 Rxa3 35.
Nxa3 Nb6 36. Nb5 Qb8 37. Ra7 Nc4 38. Rb7 Nxd2 39. Rxb8 Nc4 40. Nxc7 Nxe3 41.
fxe3 f5 42. Rxe8 Kf7 43. Rxf8+ 1-0

[Event "Lansing (Mini-Swiss.2/2)"]
[Site "?"]
[Date "1995.??.??"]
[Round "?"]
[White "Asbury, Victor"]
[Black "Robinson, Erik"]
[Result "0-1"]
[WhiteElo "1605"]
[BlackElo "1605"]
[PlyCount "198"]
[EventDate "1995.??.??"]

{2/(2)} 1. c4 e5 2. Nc3 Bc5 3. Nf3 d6 4. a3 f5 5. b4 Bb6 6. Nd5 Be6 7. Nxb6
axb6 8. d3 h6 9. Bb2 Nd7 10. g3 Ndf6 11. Bg2 Qd7 12. O-O Ne7 13. Qc2 O-O 14.
Nd2 Ra7 15. f4 Ng4 16. Rf3 exf4 17. Rxf4 Ne3 18. Qc3 Ng6 19. Rf3 f4 20. Nf1
Nxg2 21. Kxg2 Bg4 22. Rf2 Qc6+ 23. Kg1 Rf6 24. e4 Qd7 25. Re1 Ne5 26. Nd2 fxg3
27. Rxf6 gxh2+ 28. Kxh2 gxf6 29. Rg1 Kf7 30. d4 Nc6 31. Qg3 h5 32. Qf4 Ra8 33.
e5 f5 34. Ne4 dxe5 35. Ng5+ Kg6 36. dxe5 Re8 37. Nf3 Qd3 38. Rg3 Qe2+ 39. Rg2
Qd3 40. e6 Kh7 41. Qxc7+ Re7 42. Qc8 Qd6+ 43. Rg3 Qd8 44. Qxd8 Nxd8 45. Bf6 Re8
46. Nd4 Nxe6 47. Re3 Nc7 48. Rxe8 Nxe8 49. Bd8 Nd6 50. c5 bxc5 51. bxc5 Nc8 52.
Kg3 Kg6 53. Nb5 Kf7 54. a4 Ke8 55. Bg5 Kd7 56. Nd4 Ne7 57. a5 Nd5 58. Bd2 Kc8
59. Be1 Kb8 60. Nb5 Be2 61. Nd6 Bg4 62. Bd2 Kc7 63. Be1 Kc6 64. Bf2 Nc7 65. Be3
Nb5 66. Kf4 Nxd6 67. cxd6 Kxd6 68. Kg3 Ke5 69. Bf4+ Kd4 70. Bc7 Kd3 71. Bb6 Ke4
72. Bc7 Kd5 73. Bb6 Kd6 74. Bd8 Ke6 75. Bb6 Kf6 76. Bd8+ Ke5 77. Bc7+ Ke4 78.
Bd6 Be2 79. Bc7 Ke3 80. Bd6 h4+ 81. Kxh4 f4 82. Kg5 f3 83. Kf5 f2 84. Bc5+ Kf3
85. Bxf2 Kxf2 86. Ke4 Ba6 87. Kd4 Kf3 88. Kc5 Ke3 89. Kb4 Kd4 90. Ka4 Kc5 91.
Ka3 Kb5 92. Kb3 Kxa5 93. Ka3 Bc4 94. Kb2 Ka4 95. Kc3 b5 96. Kb2 b4 97. Ka1 Ka3
98. Kb1 b3 99. Ka1 b2+ 0-1

[Event "East Lansing (Class B/3/7)"]
[Site "?"]
[Date "1995.??.??"]
[Round "?"]
[White "Asbury, Victor"]
[Black "Moore, Robert"]
[Result "0-1"]
[WhiteElo "1625"]
[BlackElo "1705"]
[PlyCount "96"]
[EventDate "1995.??.??"]

{3/(7)} 1. c4 Nf6 2. Nc3 d6 3. g3 g6 4. Bg2 Bg7 5. Nf3 O-O 6. O-O e5 7. d3 Nc6
8. a3 Be6 9. Rb1 Rb8 10. b4 a6 11. Qc2 Qd7 12. Ng5 Nd4 13. Nxe6 Nxc2 14. Nxf8
Kxf8 15. a4 Nd4 16. e3 Nc6 17. Bd2 Ne7 18. b5 a5 19. e4 b6 20. f4 Nh5 21. Nd5
Nxd5 22. cxd5 exf4 23. Bxf4 Nxf4 24. Rxf4 Bd4+ 25. Kh1 Kg7 26. Rbf1 Rf8 27. h4
Be5 28. R4f3 Qg4 29. Kh2 Qxh4+ 30. Kg1 Bd4+ 31. R1f2 Bxf2+ 32. Kxf2 Qg5 33. Rf4
Qe5 34. Ke3 f5 35. d4 Qe7 36. Kd3 g5 37. Rxf5 Rxf5 38. exf5 Qe1 39. f6+ Kxf6
40. Bf3 Qxg3 41. Kc4 Qf4 42. Bg2 Kf5 43. Bf3 g4 44. Be2 Ke4 45. Bd3+ Ke3 46.
Kc3 Qxd4+ 47. Kb3 Kxd3 48. Ka2 Kc2 0-1

[Event "East Lansing (Class B/4/8)"]
[Site "?"]
[Date "1995.??.??"]
[Round "?"]
[White "Asbury, Victor"]
[Black "McCarter, Robert"]
[Result "0-1"]
[WhiteElo "1625"]
[BlackElo "1760"]
[PlyCount "113"]
[EventDate "1995.??.??"]

{4/(8)} 1. c4 Nf6 2. Nc3 c5 3. g3 Nc6 4. Bg2 a6 5. Nf3 d5 6. cxd5 Nxd5 7. O-O
Nxc3 8. bxc3 Qc7 9. Ba3 e5 10. Rb1 Bd6 11. Qb3 b5 12. Qd5 Be6 13. Qe4 Rc8 14.
d4 f5 15. Qd3 e4 16. Qe3 cxd4 17. Bxd6 dxe3 18. Bxc7 exf2+ 19. Rxf2 Rxc7 20.
Ng5 Bc8 21. Rd1 O-O 22. e3 Ne5 23. Rfd2 h6 24. Nh3 Rxc3 25. Nf4 Bb7 26. Ne6 Rb8
27. Nd4 Nc4 28. Rc2 Rxc2 29. Nxc2 Rf8 30. Rd7 Bc8 31. Rd5 Kf7 32. Kf2 Ke7 33.
Nb4 Rf6 34. Bf1 Rd6 35. Bxc4 bxc4 36. Ke2 Rxd5 37. Nxd5+ Kd6 38. Nc3 Kc5 39. a3
Bd7 40. Kf2 g5 41. h4 Kd6 42. Kg2 Ke5 43. Kf2 Bc6 44. Ke2 gxh4 45. gxh4 f4 46.
exf4+ Kxf4 47. Kf2 e3+ 48. Ke1 Bf3 49. a4 Kg4 50. a5 Kxh4 51. Kf1 Kg3 52. Na4
h5 53. Nc5 c3 54. Nd3 h4 55. Nc1 h3 56. Ne2+ Bxe2+ 57. Kg1 0-1

[Event "East Lansing (Class B/1/8)"]
[Site "?"]
[Date "1995.??.??"]
[Round "?"]
[White "Asbury, Victor"]
[Black "Carr, J."]
[Result "0-1"]
[WhiteElo "1625"]
[BlackElo "1725"]
[PlyCount "126"]
[EventDate "1995.??.??"]

{1/(8)} 1. c4 Nf6 2. Nc3 c6 3. e4 e5 4. Nf3 d6 5. Be2 Be7 6. O-O O-O 7. d3 Nbd7
8. Be3 Nb6 9. Qb3 Be6 10. Ng5 Rb8 11. Nxe6 fxe6 12. Na4 c5 13. Nxb6 Qxb6 14.
Qxb6 axb6 15. f4 exf4 16. Bxf4 Rf7 17. e5 dxe5 18. Bxe5 Rbf8 19. Bf3 Bd8 20.
Bd6 Re8 21. Rae1 Rd7 22. Be5 Rxd3 23. Bxb7 Nd7 24. Bc6 Re7 25. Bc3 Rd6 26. Ba4
Rf7 27. Rxf7 Kxf7 28. Rd1 Rxd1+ 29. Bxd1 Bf6 30. Bxf6 gxf6 31. Kf2 Kg6 32. h4
Ne5 33. b3 f5 34. Ke3 Kf6 35. Be2 Ng6 36. g3 e5 37. a3 Ne7 38. b4 cxb4 39. axb4
Ke6 40. c5 Nd5+ 41. Kd2 bxc5 42. bxc5 e4 43. Bc4 Ke5 44. c6 Nc7 45. Ke3 h6 46.
Bf7 Nb5 47. Bc4 Nc7 48. Bf7 Kf6 49. Bc4 Ke5 50. Bf7 Ne6 51. Bxe6 Kxe6 52. Kf4
h5 53. c7 Kd7 54. c8=Q+ Kxc8 55. Kxf5 e3 56. Kg5 e2 57. Kxh5 e1=Q 58. Kg4 Kd7
59. h5 Qe5 60. h6 Ke7 61. Kh4 Kf7 62. g4 Kg6 63. h7 Qh2# 0-1

[Event "Lansing (Mini-Swiss.2/3)"]
[Site "?"]
[Date "1995.??.??"]
[Round "?"]
[White "Asbury, Victor"]
[Black "Anderson, Gale"]
[Result "1-0"]
[WhiteElo "1605"]
[BlackElo "1750"]
[PlyCount "83"]
[EventDate "1995.??.??"]

{2/(3)} 1. c4 e5 2. g3 Bc5 3. Bg2 Nf6 4. Nf3 Nc6 5. a3 a5 6. O-O O-O 7. Nc3 d6
8. d3 h6 9. Bd2 Bg4 10. Qc1 Kh7 11. Qc2 Kh8 12. h3 Bxf3 13. Bxf3 Nd4 14. Qd1 c6
15. Bg2 Qd7 16. Kh2 Qc7 17. f4 Qd8 18. f5 Qd7 19. g4 d5 20. e3 dxc4 21. exd4
exd4 22. Ne4 Nxe4 23. Bxe4 Rfe8 24. Bf4 b5 25. Qf3 Rac8 26. f6 Bd6 27. fxg7+
Kxg7 28. Kg2 f6 29. Bf5 Qd8 30. Bxc8 Bxf4 31. Qxf4 Re2+ 32. Rf2 Rxf2+ 33. Qxf2
Qxc8 34. Qxd4 cxd3 35. Qxd3 h5 36. gxh5 Qe8 37. Qg6+ Qxg6+ 38. hxg6 c5 39. Rd1
c4 40. Rd5 b4 41. Rxa5 c3 42. bxc3 1-0

[Event "Grand Rapids (MI Am/4/1)"]
[Site "?"]
[Date "1995.??.??"]
[Round "?"]
[White "Armstead, Curt"]
[Black "Skidmore, Jennifer"]
[Result "1-0"]
[WhiteElo "1855"]
[BlackElo "1935"]
[PlyCount "103"]
[EventDate "1995.??.??"]

{4/(1)} 1. d4 d5 2. c4 e6 3. Nc3 c6 4. Nf3 dxc4 5. a4 Bb4 6. Qc2 Nf6 7. Bg5 h6
8. Bxf6 Qxf6 9. e3 Nd7 10. Bxc4 Nb6 11. Bd3 Nd5 12. O-O Bd7 13. Ne4 Qd8 14. Ne5
O-O 15. Qe2 Be8 16. Ng3 Bd6 17. Rad1 c5 18. Bb1 Bxa4 19. b3 Be8 20. Qd3 f5 21.
Rfe1 Qc7 22. f4 cxd4 23. Qxd4 Bc5 24. Qd3 Nxf4 25. Qc3 Nd5 26. Rxd5 exd5 27.
Nxf5 Rc8 28. Qd3 Bb5 29. Nxh6+ gxh6 30. Qg6+ Qg7 31. Qe6+ Rf7 32. Nxf7 Rf8 33.
Ne5+ Rf7 34. Nxf7 Qxf7 35. Qxh6 b6 36. Qg6+ Qxg6 37. Bxg6 Kg7 38. Bh5 Bd3 39.
Kf2 Bc2 40. Bd1 Bf5 41. Bf3 Be6 42. Rd1 d4 43. exd4 Bd6 44. d5 Bf5 45. Ra1 a5
46. Rc1 Bd7 47. h3 Kf6 48. Re1 Kg5 49. Bg4 Bb5 50. Re6 Bb4 51. Kg3 Bc5 52. h4#
1-0

[Event "Grand Rapids (MI Am/2/11)"]
[Site "?"]
[Date "1995.??.??"]
[Round "?"]
[White "Armstead, Curt"]
[Black "Richter, William"]
[Result "1-0"]
[WhiteElo "1855"]
[BlackElo "1605"]
[PlyCount "53"]
[EventDate "1995.??.??"]

{2/(11)} 1. d4 d5 2. c4 dxc4 3. Nf3 Nf6 4. e3 Bg4 5. Bxc4 e6 6. O-O Bd6 7. Nc3
O-O 8. b3 c6 9. Bb2 Nbd7 10. Qe2 Nb6 11. e4 e5 12. dxe5 Bxe5 13. Bd3 Qc7 14. h3
Bh5 15. g4 Nxg4 16. hxg4 Bxg4 17. Qe3 Bf4 18. Qe2 Bh2+ 19. Kg2 Bf4 20. Rh1 Qd6
21. e5 Qg6 22. Bxg6 fxg6 23. Rad1 Rf5 24. e6 Rg5 25. e7 Bxf3+ 26. Kxf3 Re5 27.
Rd8+ 1-0

[Event "East Lansing (Class A/3/6)"]
[Site "?"]
[Date "1995.??.??"]
[Round "?"]
[White "Arganian, David H"]
[Black "Williams, Ken"]
[Result "0-1"]
[WhiteElo "1850"]
[BlackElo "1920"]
[PlyCount "82"]
[EventDate "1995.??.??"]

{3/(6)} 1. e4 c5 2. d4 cxd4 3. c3 Nf6 4. e5 Nd5 5. Qxd4 e6 6. Nf3 Nc6 7. Qe4 f5
8. Qe2 Be7 9. g3 O-O 10. Bg2 Rb8 11. O-O b5 12. Rd1 a6 13. b3 Qc7 14. c4 bxc4
15. bxc4 Rxb1 16. cxd5 Rxa1 17. d6 Bxd6 18. exd6 Qa5 19. a3 Qc3 20. Qe1 Qxe1+
21. Nxe1 Na5 22. Nd3 Bb7 23. Bxb7 Nxb7 24. Kg2 Rc8 25. Rd2 Raxc1 26. Nxc1 Rxc1
27. Rb2 Nxd6 28. h4 Kf7 29. a4 Ke7 30. Rb6 Rc6 31. Rb8 Rc4 32. Rh8 h6 33. Rg8
Ne8 34. a5 Ra4 35. f3 Rxa5 36. g4 fxg4 37. fxg4 Ra3 38. h5 Ra5 39. Kg3 Rd5 40.
Kh4 Ra5 41. g5 Rxg5 0-1

[Event "East Lansing (Class A/5/5)"]
[Site "?"]
[Date "1995.??.??"]
[Round "?"]
[White "Arganian, David H"]
[Black "Vandivier, Don"]
[Result "0-1"]
[WhiteElo "1850"]
[BlackElo "1950"]
[PlyCount "94"]
[EventDate "1995.??.??"]

{5/(5)} 1. e4 c5 2. d4 cxd4 3. c3 dxc3 4. Nxc3 Nc6 5. Nf3 a6 6. Bc4 e6 7. O-O
Qc7 8. Qe2 Ne5 9. Nxe5 Qxe5 10. Rd1 Nf6 11. g3 Qh5 12. Qxh5 Nxh5 13. Be3 Nf6
14. f3 b5 15. Bb3 Bb4 16. Rac1 O-O 17. e5 Ne8 18. a3 Be7 19. Ne4 f5 20. Nc5
Bxc5 21. Rxc5 Kf7 22. a4 Rb8 23. Rdc1 Bb7 24. Kf2 Bc6 25. axb5 Rxb5 26. Rxb5
axb5 27. Rc5 Nc7 28. Bd1 Nd5 29. Bd4 Ra8 30. Be2 Ra4 31. Bc3 b4 32. Bd4 b3 33.
Rc4 Ra1 34. Rc5 Nb4 35. Bc4 Rc1 36. Ke3 Nc2+ 37. Kd2 Rh1 38. Kc3 Nxd4 39. Kxd4
Rxh2 40. Kc3 Rf2 41. Kxb3 Rxf3+ 42. Kc2 Rxg3 43. b4 h5 44. b5 Be4+ 45. Kd2 h4
46. Rc7 h3 47. Rxd7+ Ke8 0-1

[Event "East Lansing (MI Op/1a/16)"]
[Site "?"]
[Date "1995.??.??"]
[Round "?"]
[White "Arganian, David H"]
[Black "Sobocinski, Mike"]
[Result "0-1"]
[WhiteElo "1800"]
[BlackElo "2030"]
[PlyCount "46"]
[EventDate "1995.??.??"]

1. e4 c6 2. d4 d5 3. exd5 cxd5 4. Bd3 Nc6 5. c3 Qc7 6. Nf3 Bg4 7. h3 Bh5 8. g4
Bg6 9. Bb5 e6 10. Ne5 Bd6 11. Bf4 Nge7 12. Nd2 O-O 13. Qe2 a6 14. Bxc6 bxc6 15.
Nxg6 Nxg6 16. Bxd6 Qxd6 17. Nb3 e5 18. dxe5 Nxe5 19. O-O-O a5 20. Qe3 a4 21.
Nc5 Nc4 22. Qd4 Rfb8 23. Qxc4 Qh6+ 0-1